The Biggest Cities in Lazio - Statistics

General Stats
  • This quiz has been taken 12 times
  • The average score is 17 of 78
Answer Stats
Inhabitants Province City % Correct
2,751,747 Roma Roma
100%
127,859 Latina Latina
90%
43,305 Frosinone Frosinone
80%
45,286 Rieti Rieti
80%
66,188 Viterbo Viterbo
80%
82,481 Roma Fiumicino
70%
55,061 Roma Tivoli
70%
51,697 Roma Civitavecchia
60%
52,862 Roma Velletri
60%
59,633 Roma Anzio
50%
74,470 Latina Aprilia
50%
50,292 Roma Ardea
50%
88,992 Roma Guidonia Montecelio
50%
40,855 Roma Ladispoli
50%
38,773 Roma Albano Laziale
40%
10,079 Frosinone Fiuggi
40%
22,331 Roma Frascati
40%
48,237 Roma Nettuno
40%
64,451 Roma Pomezia
40%
19,431 Latina Sabaudia
40%
18,882 Roma Santa Marinella
40%
44,684 Latina Terracina
40%
20,627 Frosinone Anagni
30%
38,533 Roma Ciampino
30%
19,300 Latina Gaeta
30%
46,404 Roma Marino
30%
41,125 Roma Monterotondo
30%
21,716 Roma Palestrina
30%
15,953 Viterbo Tarquinia
30%
16,035 Roma Valmontone
30%
19,238 Roma Bracciano
20%
35,091 Frosinone Cassino
20%
37,759 Roma Cerveteri
20%
36,213 Latina Cisterna di Latina
20%
21,521 Roma Colleferro
20%
20,048 Frosinone Ferentino
20%
15,708 Roma Fiano Romano
20%
27,605 Frosinone Alatri
10%
19,401 Roma Anguillara Sabazia
10%
13,843 Rieti Fara in Sabina
10%
39,760 Latina Fondi
10%
36,883 Latina Formia
10%
23,894 Roma Genzano di Roma
10%
20,450 Roma Grottaferrata
10%
20,389 Latina Minturno
10%
17,144 Roma Rocca di Papa
10%
24,811 Frosinone Sora
10%
19,118 Roma Ariccia
0%
14,177 Roma Artena
0%
11,592 Roma Campagnano di Roma
0%
10,659 Roma Capena
0%
11,378 Roma Cave
0%
22,207 Frosinone Ceccano
0%
15,143 Viterbo Civita Castellana
0%
10,379 Latina Cori
0%
32,917 Roma Fonte Nuova
0%
13,010 Roma Formello
0%
10,645 Frosinone Isola del Liri
0%
10,431 Latina Itri
0%
13,605 Roma Lanuvio
0%
13,509 Roma Lariano
0%
23,122 Roma Mentana
0%
12,023 Roma Monte Compatri
0%
13,008 Viterbo Montefiascone
0%
11,983 Frosinone Monte San Giovanni Campano
0%
13,218 Roma Palombara Sabina
0%
12,198 Frosinone Pontecorvo
0%
15,080 Latina Pontinia
0%
13,775 Latina Priverno
0%
10,565 Roma Riano
0%
10,232 Roma Rignano Flaminio
0%
12,013 Roma Rocca Priora
0%
15,507 Roma San Cesareo
0%
10,146 Latina San Felice Circeo
0%
23,753 Latina Sezze
0%
19,543 Frosinone Veroli
0%
13,351 Viterbo Vetralla
0%
17,872 Roma Zagarolo
0%
No matching quizzes found
Score Distribution
Percent of People with Each Score
Percentile by Number Answered
Your Score History
You have not taken this quiz